Science Quiz

Random Science or Animal Quiz

Reflecting Birds Quiz Stats

 Plays Quiz Updated Jul 12, 2017

Support Sporcle.
Go Orange.
Score 0/26 Timer 07:00
0 Plays Today
% Correct
Barn owl
99%
Magellanic penguin
91.5%
Black swan
90.9%
James's flamingo
90.5%
Canada goose
90.4%
Eastern rosella
88.6%
Bald eagle
87.4%
Dalmatian pelican
87.3%
Ring-billed gull
83.5%
Emerald-spotted wood dove
82.3%
Atlantic puffin
81.1%
Common pheasant
78%
Song sparrow
77.6%
% Correct
Northern cardinal
72.9%
Mandarin duck
72.4%
Snowy egret
67.2%
Yellow Canary
56.4%
Roseate spoonbill
54.1%
Painted stork
52.4%
Zebra finch
48.7%
Eurasian magpie
45%
Common loon
44.1%
Scarlet ibis
43.3%
Double-crested cormorant
42.7%
Baltimore oriole
40.7%
Barn swallow
35.3%

You're not logged in!

Compare scores with friends on all Sporcle quizzes.
OR
Log In

From the Vault

LOST: Episodes

by Ben

If you can't any of these answers, then maybe it is time you got...LOST.
Remove Ads.
Support Sporcle.
Get the best of Sporcle when you Go Orange. This ad-free experience offers more features, more stats, and more fun while also helping to support Sporcle. Thank you for becoming a member.

Show Comments

Extras

Top Quizzes Today


Score Distribution

Your Account Isn't Verified!

In order to create a playlist on Sporcle, you need to verify the email address you used during registration. Go to your Sporcle Settings to finish the process.

Report this User

Report this user for behavior that violates our Community Guidelines.

Details: